| 000 | 00547cam a2200181u 4500 | ||
|---|---|---|---|
| 020 | _a9789350146521 | ||
| 082 |
_a625.70284 _bZIG _cMCE-l-38,P-123 |
||
| 100 | 1 |
_aZiguang , Li. _918338 |
|
| 245 | 1 | 0 | _a Road Construction Machinery. |
| 250 | _a1st, Ed. | ||
| 260 |
_aNew Delhi, _bS.K. Kataria & Sons., _c2018. |
||
| 300 |
_aXii, 474 p. _bincl. illus., tab. plates. _c25 cm. |
||
| 526 |
_a0 _b0 _c0 _d625_702840000000000_ZIG |
||
| 650 | 0 |
_aConcrete roads. _943555 |
|
| 650 | 0 |
_aMachinery. _941113 |
|
| 710 | 1 |
_aGreat Britain. _939715 |
|
| 942 |
_2ddc _cBK |
||
| 999 |
_c554229 _d554229 |
||